El fenómeno místico: estudio comparado

Збережено в:
Бібліографічні деталі
Автор: Martín Velasco, Juan de Dios (autor)
Формат: Книга
Мова:Іспанська
Опубліковано: Madrid Trotta 2009
Редагування:3a. ed
Предмети:
Теги: Додати тег
Немає тегів, Будьте першим, хто поставить тег для цього запису!

MARC

LEADER 00000cam a2200000 a 4500
001 UCE8651
003 CL-VaPUC
008 150827e20090000sp |||||||||||||||||spa|d
020 |a 9788481643152 
082 0 4 |a 291.422  |b MAR  |2 21 
100 |a Martín Velasco, Juan de Dios  |e autor  |9 581382 
245 1 3 |a El fenómeno místico: estudio comparado 
250 |a 3a. ed 
300 |a 509 p 
942 |c BK 
945 |d 20150827 16:13:00  |a dcastane 
260 |a Madrid  |b Trotta  |c 2009 
650 7 |a RELIGION COMPARADA  |2 CL-VaPUC  |9 581383 
650 0 |a Misticismo  |9 265505 
650 0 |a Filosofía de la religión   |9 256017 
650 0 |a Pluralismo religioso  |9 393164 
583 |a last modification  |c 20150827 16:13:00  |k Rodrigo Vera 
999 |c 360443  |d 360441 
952 |0 0  |1 0  |3 erb  |4 0  |6 291_422000000000000_MAR_2009  |7 0  |8 A  |9 470275  |a BIBTEO  |b BIBTEO  |i 5195063  |o 291.422 MAR 2009  |p 5195063  |r 2024-01-18  |w 2019-11-23  |y BK  |z Catalogado en:20150827  |k ICR